Úlohy zástupcu riaditeľa školy - poradné orgány podieľajúce sa na vnútornom riadení školy

Úlohy zástupcu riaditeľa školy. Poradné orgány pomáhajúce pri pedagogickom riadení. Operatívna rada vedenia školy. Pedagogická rada. Rokovanie pedagogickej rady. Funkcie pedagogickej rady. Umelecká rada. Metodické orgány. Pracovná porada. Rada školy. Žiacka rada. Rada rodičov.

Saved in:
Bibliographic Details
Main Author: Pasternáková, Lenka
Format: Book Chapter
Language:Slovak
Subjects:
Tags: Add Tag
No Tags, Be the first to tag this record!

MARC

LEADER 00000naa$a2200000$$$4500
001 0093413
005 20231127101627.0
041 0 |a slo 
044 |a SK 
245 1 0 |a Úlohy zástupcu riaditeľa školy - poradné orgány podieľajúce sa na vnútornom riadení školy  |c Lenka Pasternáková 
520 |a Úlohy zástupcu riaditeľa školy. Poradné orgány pomáhajúce pri pedagogickom riadení. Operatívna rada vedenia školy. Pedagogická rada. Rokovanie pedagogickej rady. Funkcie pedagogickej rady. Umelecká rada. Metodické orgány. Pracovná porada. Rada školy. Žiacka rada. Rada rodičov. 
610 2 0 |a riaditelia 
610 2 0 |a školy 
610 2 0 |a zamestnanci 
610 2 0 |a riadenie 
100 1 |a Pasternáková, Lenka